[Event "Madrid 2022-2023 ch - Previa A"]
[Site "Madrid ESP"]
[Date "2023.02.07"]
[Round "2.30"]
[White "De la Villa Ramos, Maria"]
[Black "Cujba, Anca-Claudia"]
[Result "0-1"]
[WhiteElo "1421"]
[BlackElo "1669"]
[PlyCount "75"]
[EventDate "2023.02.06"]
[EventType "swiss"]
[EventRounds "9"]
[EventCountry "ESP"]
[SourceTitle "Ajedrez en Madrid"]
[Source "lmi"]
[SourceDate "2023.02.06"]
[SourceVersion "1"]
[SourceVersionDate "2023.03.03"]
[SourceQuality "1"]

1. e4 c5 2. Nf3 Nc6 3. Bb5 Qa5 4. c4 g6 5. O-O Bg7 6. Bxc6 bxc6 7. Re1 Rb8 8.
d4 cxd4 9. e5 c5 10. Nbd2 e6 11. Ne4 Bf8 12. Bg5 Be7 13. Bxe7 Kxe7 14. b4 Qxb4
15. Rb1 Qxb1 16. Qxb1 Rxb1 17. Rxb1 f6 18. Rb8 Ba6 19. exf6+ Nxf6 20. Rxh8 Nxe4
21. Kf1 Bxc4+ 22. Ke1 Nf6 23. Rc8 Kd6 24. Nxd4 Bxa2 25. Nb5+ Ke5 26. Rxc5+ d5
27. f3 a6 28. Nc3 Bc4 29. g3 Kd4 30. Rc6 Kxc3 31. Rxe6 Nd7 32. Re3+ Kc2 33. f4
Nc5 34. g4 Nd3+ 35. Rxd3 Bxd3 36. h4 a5 37. h5 gxh5 38. f5 0-1

[Event "Madrid 2022-2023 ch - Previa A"]
[Site "Madrid ESP"]
[Date "2023.02.07"]
[Round "2.31"]
[White "De Luna Butz, Alberto"]
[Black "Morales Clares, Aaron"]
[Result "1-0"]
[WhiteElo "1665"]
[BlackElo "1324"]
[PlyCount "77"]
[EventDate "2023.02.06"]
[EventType "swiss"]
[EventRounds "9"]
[EventCountry "ESP"]
[SourceTitle "Ajedrez en Madrid"]
[Source "lmi"]
[SourceDate "2023.02.06"]
[SourceVersion "1"]
[SourceVersionDate "2023.03.03"]
[SourceQuality "1"]

1. d4 d5 2. c4 e6 3. Nc3 Be7 4. Nf3 Nf6 5. Bf4 O-O 6. e3 b6 7. cxd5 Nxd5 8.
Nxd5 Qxd5 9. Bxc7 Bb4+ 10. Nd2 Nc6 11. a3 Be7 12. Qb3 Qg5 13. Nf3 Qg6 14. Qd3
Qxd3 15. Bxd3 Bb7 16. O-O Rac8 17. Bg3 Rfd8 18. Rfd1 Na5 19. Rac1 Nb3 20. Rxc8
Rxc8 21. Ne1 a6 22. f3 b5 23. Nc2 Na5 24. Be1 Nc4 25. Bxc4 bxc4 26. Kf2 Bf6 27.
Bc3 Rd8 28. Ke2 g5 29. g4 Be7 30. e4 Rf8 31. Bb4 Bxb4 32. Nxb4 f5 33. gxf5 exf5
34. e5 g4 35. fxg4 fxg4 36. Rf1 Rxf1 37. Kxf1 h5 38. Nc2 h4 39. Kf2 1-0

[Event "Madrid 2022-2023 ch - Previa A"]
[Site "Madrid ESP"]
[Date "2023.02.07"]
[Round "2.32"]
[White "Melero Fernandez, Jose M"]
[Black "Martin-Consuegra Barrilero, Francisco Javier"]
[Result "0-1"]
[WhiteElo "1334"]
[BlackElo "1665"]
[PlyCount "70"]
[EventDate "2023.02.06"]
[EventType "swiss"]
[EventRounds "9"]
[EventCountry "ESP"]
[SourceTitle "Ajedrez en Madrid"]
[Source "lmi"]
[SourceDate "2023.02.06"]
[SourceVersion "1"]
[SourceVersionDate "2023.03.03"]
[SourceQuality "1"]

1. e4 d5 2. exd5 Qxd5 3. Nc3 Qa5 4. b4 Qxb4 5. Rb1 Qd6 6. d4 c6 7. g3 g6 8. Bf4
Qd8 9. Bg2 Bg7 10. Nge2 Nf6 11. O-O O-O 12. Na4 Nd5 13. Bc1 Nd7 14. c4 N5b6 15.
Nb2 e5 16. d5 cxd5 17. cxd5 Nf6 18. Nc3 Bf5 19. Ra1 e4 20. d6 Rc8 21. Nb5 a6
22. Nd4 Bg4 23. Qb3 Qxd6 24. Be3 Nbd5 25. Nc4 Qe7 26. Rab1 b5 27. Nd2 Rc3 28.
Qb2 Nxe3 29. Qxc3 Nxf1 30. Bxf1 Nd5 31. Qb2 e3 32. f3 exd2 33. fxg4 Qe3+ 34.
Kh1 Bxd4 35. Qc2 Qg1# 0-1

[Event "Madrid 2022-2023 ch - Previa A"]
[Site "Madrid ESP"]
[Date "2023.02.07"]
[Round "2.33"]
[White "Moreno Gonzalez, Alvaro"]
[Black "Palacios Sanchez, Victor"]
[Result "0-1"]
[WhiteElo "1306"]
[BlackElo "1646"]
[PlyCount "56"]
[EventDate "2023.02.06"]
[EventType "swiss"]
[EventRounds "9"]
[EventCountry "ESP"]
[SourceTitle "Ajedrez en Madrid"]
[Source "lmi"]
[SourceDate "2023.02.06"]
[SourceVersion "1"]
[SourceVersionDate "2023.03.03"]
[SourceQuality "1"]

1. d4 c5 2. e3 g6 3. c3 Bg7 4. Bd3 e6 5. Nf3 cxd4 6. exd4 Ne7 7. O-O O-O 8. Bf4
Nbc6 9. Nbd2 d5 10. b4 Nf5 11. Nb3 b6 12. Re1 Bb7 13. a4 a5 14. b5 Nb8 15. Rc1
Nd7 16. Qe2 Rc8 17. Bxf5 exf5 18. Qe7 Re8 19. Qxd8 Rcxd8 20. Ne5 Nxe5 21. Bxe5
Rc8 22. Kf1 Bxe5 23. dxe5 Rc4 24. Nd4 Bc8 25. Nc6 Bd7 26. Rcd1 Be6 27. Rb1 Rxa4
28. Rb3 d4 0-1

[Event "Madrid 2022-2023 ch - Previa A"]
[Site "Madrid ESP"]
[Date "2023.02.07"]
[Round "2.34"]
[White "Ramos Antona, Enrique"]
[Black "Gomez Prieto, Alonso"]
[Result "1-0"]
[WhiteElo "1565"]
[BlackElo "1308"]
[PlyCount "73"]
[EventDate "2023.02.06"]
[EventType "swiss"]
[EventRounds "9"]
[EventCountry "ESP"]
[SourceTitle "Ajedrez en Madrid"]
[Source "lmi"]
[SourceDate "2023.02.06"]
[SourceVersion "1"]
[SourceVersionDate "2023.03.03"]
[SourceQuality "1"]

1. d4 d5 2. c4 c6 3. Nf3 Bf5 4. g3 e6 5. Bg2 Bd6 6. O-O Nf6 7. Nc3 Nbd7 8. cxd5
Nxd5 9. Re1 N7f6 10. Nh4 Bg6 11. Bg5 Qb6 12. Nxg6 hxg6 13. Na4 Qc7 14. e4 Ng4
15. Qxg4 f5 16. exf5 gxf5 17. Qxf5 Ne7 18. Qxe6 Rf8 19. Nc5 Rd8 20. Qe4 Bxc5
21. dxc5 Rf7 22. Rad1 Rxd1 23. Rxd1 Qa5 24. Re1 Qxc5 25. Bf3 Qxg5 26. h4 Qh6
27. Kg2 Kf8 28. Qe6 Qd2 29. Re2 Qd8 30. Qe3 Nd5 31. Qxa7 b6 32. Qa3+ Kg8 33.
Bxd5 Qxd5+ 34. f3 b5 35. Qb3 Qd7 36. Qe6 Qd1 37. Rf2 1-0

[Event "Madrid 2022-2023 ch - Previa A"]
[Site "Madrid ESP"]
[Date "2023.02.07"]
[Round "2.35"]
[White "Cobos Ramos, Antonio"]
[Black "Jimenez Manzano, Emiliano"]
[Result "0-1"]
[WhiteElo "1163"]
[BlackElo "1551"]
[PlyCount "58"]
[EventDate "2023.02.06"]
[EventType "swiss"]
[EventRounds "9"]
[EventCountry "ESP"]
[SourceTitle "Ajedrez en Madrid"]
[Source "lmi"]
[SourceDate "2023.02.06"]
[SourceVersion "1"]
[SourceVersionDate "2023.03.03"]
[SourceQuality "1"]

1. e4 c5 2. Nf3 e6 3. d4 cxd4 4. Nxd4 Nf6 5. e5 Qa5+ 6. Nc3 Qxe5+ 7. Be3 Bb4 8.
h3 O-O 9. Bd3 Nc6 10. f3 Qxe3+ 11. Nde2 Bc5 12. Rf1 Nd4 13. Qd2 Qe5 14. O-O-O
Nxe2+ 15. Bxe2 Be3 16. Bd3 Bxd2+ 17. Rxd2 Qc5 18. Rdd1 Qe3+ 19. Kb1 d5 20. b3
a6 21. h4 b5 22. a4 d4 23. Ne2 bxa4 24. Bc4 Nd5 25. Rxd4 Nc3+ 26. Nxc3 Qxd4 27.
Nxa4 Rb8 28. Bxa6 Bxa6 29. c3 Qxa4 0-1

[Event "Madrid 2022-2023 ch - Previa A"]
[Site "Madrid ESP"]
[Date "2023.02.07"]
[Round "2.36"]
[White "Hortelano Hap, Ramon"]
[Black "Gomez Ramirez, Jorge"]
[Result "0-1"]
[WhiteElo "1544"]
[BlackElo "1298"]
[PlyCount "42"]
[EventDate "2023.02.06"]
[EventType "swiss"]
[EventRounds "9"]
[EventCountry "ESP"]
[SourceTitle "Ajedrez en Madrid"]
[Source "lmi"]
[SourceDate "2023.02.06"]
[SourceVersion "1"]
[SourceVersionDate "2023.03.03"]
[SourceQuality "1"]

1. c4 e5 2. g3 Nf6 3. Bg2 g6 4. Nc3 Bg7 5. Nf3 d6 6. O-O O-O 7. d4 exd4 8. Nxd4
Nbd7 9. Rb1 Re8 10. b3 Nc5 11. Bb2 c6 12. Nxc6 bxc6 13. Bxc6 Bb7 14. Bxe8 Qxe8
15. f3 Qe3+ 16. Kg2 Nce4 17. Nd5 Nxd5 18. fxe4 Qxe4+ 19. Kg1 Ne3 20. Rf3 Nxd1
21. Rxd1 Qxe2 0-1

[Event "Madrid 2022-2023 ch - Previa A"]
[Site "Madrid ESP"]
[Date "2023.02.07"]
[Round "2.38"]
[White "Villodre Miranda, Juan Alonso"]
[Black "Reina Cascos, Antonio"]
[Result "1-0"]
[WhiteElo "1503"]
[BlackElo "1179"]
[PlyCount "61"]
[EventDate "2023.02.06"]
[EventType "swiss"]
[EventRounds "9"]
[EventCountry "ESP"]
[SourceTitle "Ajedrez en Madrid"]
[Source "lmi"]
[SourceDate "2023.02.06"]
[SourceVersion "1"]
[SourceVersionDate "2023.03.03"]
[SourceQuality "1"]

1. c4 e6 2. Nf3 f5 3. d4 Nf6 4. g3 c6 5. Bg2 d5 6. cxd5 exd5 7. a3 Bd6 8. Nc3
O-O 9. O-O Qe7 10. e3 Nbd7 11. b4 Ne4 12. Nxe4 fxe4 13. Nd2 Nf6 14. h3 Kh8 15.
Kh2 Qf7 16. f4 exf3 17. Rxf3 Qh5 18. Rf1 Ng4+ 19. Kg1 Rxf1+ 20. Nxf1 Bf5 21.
hxg4 Bxg4 22. Qe1 Rf8 23. Nh2 Be6 24. Ra2 Rf6 25. e4 dxe4 26. Qe2 Bxa2 27. Qxh5
Bd5 28. Ng4 Rg6 29. Ne5 Bxe5 30. Qxe5 Re6 31. Qb8+ 1-0

[Event "Madrid 2022-2023 ch - Previa A"]
[Site "Madrid ESP"]
[Date "2023.02.08"]
[Round "3.1"]
[White "Martin Rodriguez, Emilio"]
[Black "Pashov, Spas Nikolov"]
[Result "1-0"]
[WhiteElo "1979"]
[BlackElo "1806"]
[PlyCount "105"]
[EventDate "2023.02.06"]
[EventType "swiss"]
[EventRounds "9"]
[EventCountry "ESP"]
[SourceTitle "Ajedrez en Madrid"]
[Source "lmi"]
[SourceDate "2023.02.06"]
[SourceVersion "1"]
[SourceVersionDate "2023.03.03"]
[SourceQuality "1"]

1. d4 Nf6 2. Nf3 g6 3. Bf4 Bg7 4. e3 c5 5. c3 cxd4 6. exd4 O-O 7. Nbd2 d5 8.
Bd3 Nc6 9. h3 Nh5 10. Bh2 Bh6 11. Qe2 Bf4 12. g4 Bxh2 13. gxh5 Bf4 14. hxg6
fxg6 15. O-O-O e5 16. Nxe5 Nxe5 17. dxe5 Re8 18. Qf3 Bxe5 19. Rhg1 Rf8 20. Qh5
Bg7 21. Bxg6 hxg6 22. Rxg6 Bf5 23. Rxg7+ Kxg7 24. Rg1+ Kf6 25. Qh6+ Ke7 26.
Rg7+ Rf7 27. Qh4+ Ke6 28. Qh6+ Qf6 29. Qe3+ Kd7 30. Rg1 Rg7 31. Rd1 b6 32. Nf3
Qe6 33. Qd4 Qh6+ 34. Rd2 Be4 35. Ne5+ Kc7 36. Ng4 Rxg4 37. hxg4 Rg8 38. b4 Rxg4
39. Kb2 Rg1 40. Ka3 a5 41. Qe5+ Qd6 42. Qd4 Rb1 43. f3 Bxf3 44. Rf2 Be4 45.
Rf7+ Kc6 46. Rf6 axb4+ 47. cxb4 Qxf6 48. Qxf6+ Kb5 49. Qd6 Ka6 50. Qc6 Ka7 51.
b5 Bd3 52. Qc7+ Ka8 53. Qc8+ 1-0

[Event "Madrid 2022-2023 ch - Previa A"]
[Site "Madrid ESP"]
[Date "2023.02.08"]
[Round "3.2"]
[White "Garcia Martin, Esteban"]
[Black "Rodriguez Garcia, Jose Maria"]
[Result "1/2-1/2"]
[WhiteElo "1819"]
[BlackElo "1977"]
[PlyCount "72"]
[EventDate "2023.02.06"]
[EventType "swiss"]
[EventRounds "9"]
[EventCountry "ESP"]
[SourceTitle "Ajedrez en Madrid"]
[Source "lmi"]
[SourceDate "2023.02.06"]
[SourceVersion "1"]
[SourceVersionDate "2023.03.03"]
[SourceQuality "1"]

1. c4 Nf6 2. Nc3 g6 3. g3 Bg7 4. Bg2 O-O 5. e4 d6 6. Nge2 e5 7. O-O Be6 8. d3
c6 9. Bg5 h6 10. Be3 Ng4 11. Bd2 f5 12. h3 Nf6 13. Kh2 Na6 14. Be3 Kh7 15. f4
fxe4 16. Nxe4 Nxe4 17. Bxe4 d5 18. cxd5 cxd5 19. Bg2 Qd7 20. fxe5 Rxf1 21. Bxf1
Bxe5 22. Qd2 h5 23. d4 Bd6 24. Bf4 Bf5 25. Bg2 Re8 26. Bxd6 Qxd6 27. Nf4 Be4
28. Re1 Nc7 29. Bxe4 dxe4 30. d5 h4 31. Qg2 e3 32. Qf3 hxg3+ 33. Qxg3 Rf8 34.
Ng2 Qxg3+ 35. Kxg3 Nxd5 36. Nxe3 Nxe3 1/2-1/2

[Event "Madrid 2022-2023 ch - Previa A"]
[Site "Madrid ESP"]
[Date "2023.02.08"]
[Round "3.3"]
[White "Ruiz Bellon, Manuel"]
[Black "Jimenez Gonzalez, Marcos"]
[Result "1-0"]
[WhiteElo "1950"]
[BlackElo "1748"]
[PlyCount "41"]
[EventDate "2023.02.06"]
[EventType "swiss"]
[EventRounds "9"]
[EventCountry "ESP"]
[SourceTitle "Ajedrez en Madrid"]
[Source "lmi"]
[SourceDate "2023.02.06"]
[SourceVersion "1"]
[SourceVersionDate "2023.03.03"]
[SourceQuality "1"]

1. Nf3 d5 2. d4 Nf6 3. e3 c5 4. c3 Nc6 5. Bd3 e6 6. Nbd2 cxd4 7. exd4 Be7 8.
O-O O-O 9. Re1 Bd7 10. Nf1 Rc8 11. Ng3 Na5 12. Qe2 Re8 13. Ne5 a6 14. Bg5 b5
15. Bxf6 Bxf6 16. Bxh7+ Kf8 17. Nxf7 Kxf7 18. Bg6+ Kf8 19. Qh5 e5 20. dxe5 Bg5
21. Qh8+ 1-0

[Event "Madrid 2022-2023 ch - Previa A"]
[Site "Madrid ESP"]
[Date "2023.02.08"]
[Round "3.4"]
[White "De Vicente Guijarro, Juan"]
[Black "Vazquez Gonzalez, Jesus"]
[Result "0-1"]
[WhiteElo "1803"]
[BlackElo "1876"]
[PlyCount "70"]
[EventDate "2023.02.06"]
[EventType "swiss"]
[EventRounds "9"]
[EventCountry "ESP"]
[SourceTitle "Ajedrez en Madrid"]
[Source "lmi"]
[SourceDate "2023.02.06"]
[SourceVersion "1"]
[SourceVersionDate "2023.03.03"]
[SourceQuality "1"]

1. e4 e6 2. d4 a6 3. Nf3 d5 4. e5 c5 5. c3 Nc6 6. Be2 Qb6 7. a3 cxd4 8. cxd4
Nge7 9. b4 Nf5 10. Be3 Be7 11. O-O f6 12. exf6 Bxf6 13. Nc3 Ncxd4 14. Kh1 Nxe3
15. fxe3 Nxe2 16. Nxe2 Bxa1 17. Qxa1 O-O 18. Ne5 Qxe3 19. Rxf8+ Kxf8 20. Qf1+
Ke8 21. Qf7+ Kd8 22. Qf8+ Kc7 23. Qe7+ Kb8 24. Qd6+ Ka7 25. h3 Rb8 26. Qc7 Qb6
27. Qxg7 Ka8 28. Nf4 Qd4 29. Nfd3 Qa1+ 30. Kh2 Qxa3 31. Qxh7 Qc3 32. Qe7 b6 33.
Qd8 Rb7 34. g4 Qc7 35. Qe8 Ka7 0-1

[Event "Madrid 2022-2023 ch - Previa A"]
[Site "Madrid ESP"]
[Date "2023.02.08"]
[Round "3.5"]
[White "Esteban Amo, Jose M."]
[Black "Marin Aso, Jose Luis"]
[Result "1-0"]
[WhiteElo "1788"]
[BlackElo "1865"]
[PlyCount "112"]
[EventDate "2023.02.06"]
[EventType "swiss"]
[EventRounds "9"]
[EventCountry "ESP"]
[SourceTitle "Ajedrez en Madrid"]
[Source "lmi"]
[SourceDate "2023.02.06"]
[SourceVersion "1"]
[SourceVersionDate "2023.03.03"]
[SourceQuality "1"]

1. d4 Nf6 2. Nc3 d5 3. Bf4 a6 4. e3 e6 5. Nf3 c5 6. Be2 Nc6 7. O-O Bd6 8. Bxd6
Qxd6 9. dxc5 Qxc5 10. Nd4 e5 11. Nb3 Qd6 12. Qd2 Be6 13. Rad1 Rd8 14. f4 g6 15.
Qe1 Qe7 16. Qg3 Bf5 17. fxe5 Qxe5 18. Qxe5+ Nxe5 19. Nd4 Ke7 20. Nxf5+ gxf5 21.
Rxf5 Ke6 22. Rdf1 Nfd7 23. Bh5 f6 24. Ne2 Rhg8 25. Nd4+ Kd6 26. Be2 Rg6 27. Rh5
Rdg8 28. g3 Nf8 29. Nf5+ Ke6 30. Nd4+ Kd6 31. Rd1 Rg5 32. Rxg5 fxg5 33. Nf3 g4
34. Nxe5 Kxe5 35. Rd4 h5 36. c4 dxc4 37. Bxc4 Rh8 38. Rd8 Ng6 39. Rxh8 Nxh8 40.
Kf2 Kf6 41. Bd5 b6 42. e4 Ng6 43. Ke3 Ne5 44. b3 Kg5 45. Bb7 a5 46. Bd5 Kf6 47.
Bc4 Kg5 48. Be2 Nc6 49. Bd3 Ne5 50. Bb5 Kf6 51. Be8 Kg5 52. a3 h4 53. Bb5 Nf3
54. gxh4+ Kxh4 55. Kf4 Nxh2 56. e5 Nf3 1-0

[Event "Madrid 2022-2023 ch - Previa A"]
[Site "Madrid ESP"]
[Date "2023.02.08"]
[Round "3.8"]
[White "Blazquez Sanz, Oscar"]
[Black "Martin-Buitrago Lopez, Antonio"]
[Result "0-1"]
[WhiteElo "1886"]
[BlackElo "1705"]
[PlyCount "100"]
[EventDate "2023.02.06"]
[EventType "swiss"]
[EventRounds "9"]
[EventCountry "ESP"]
[SourceTitle "Ajedrez en Madrid"]
[Source "lmi"]
[SourceDate "2023.02.06"]
[SourceVersion "1"]
[SourceVersionDate "2023.03.03"]
[SourceQuality "1"]

1. e4 e6 2. d4 d5 3. Nc3 Bb4 4. e5 c5 5. a3 Bxc3+ 6. bxc3 Qa5 7. Bd2 Qa4 8. Nf3
c4 9. Nh4 Nc6 10. f4 Nge7 11. g4 Bd7 12. Rb1 O-O-O 13. Qc1 Rdf8 14. Qb2 b6 15.
Bg2 f5 16. gxf5 Nxf5 17. Nxf5 Rxf5 18. Bh3 Rf7 19. Rf1 Rhf8 20. Ke2 Ne7 21. Rf2
Nf5 22. Bxf5 Rxf5 23. Rg1 g6 24. h4 Be8 25. Rh2 Rh5 26. Rg5 Rf5 27. Kf3 Qd7 28.
Qc1 Qf7 29. Qg1 Ba4 30. Be3 Qf8 31. Rg4 Qxa3 32. Qe1 Qf8 33. Qa1 b5 34. Qg1 Qa3
35. Qe1 Qb2 36. Bc1 Qa1 37. Rg1 Kd7 38. Be3 Qa3 39. Bc1 Qf8 40. Qg3 Qf7 41. Ke3
Qe7 42. Kd2 a5 43. Rgg2 Rf8 44. Qf2 Qf7 45. Rg4 Qf5 46. Qg3 Qxc2+ 47. Ke1 Qxc1+
48. Kf2 Rhf5 49. h5 Rxf4+ 50. Rxf4 Qxf4+ 0-1

[Event "Madrid 2022-2023 ch - Previa A"]
[Site "Madrid ESP"]
[Date "2023.02.08"]
[Round "3.9"]
[White "Hernandez Gutierrez, Jose"]
[Black "Sotoca Aguado, Jose"]
[Result "1/2-1/2"]
[WhiteElo "1758"]
[BlackElo "1790"]
[PlyCount "61"]
[EventDate "2023.02.06"]
[EventType "swiss"]
[EventRounds "9"]
[EventCountry "ESP"]
[SourceTitle "Ajedrez en Madrid"]
[Source "lmi"]
[SourceDate "2023.02.06"]
[SourceVersion "1"]
[SourceVersionDate "2023.03.03"]
[SourceQuality "1"]

1. d4 Nf6 2. c4 e6 3. g3 d5 4. Nf3 b6 5. cxd5 exd5 6. Bg2 Bb7 7. O-O Be7 8. Nc3
O-O 9. Ne5 Ne4 10. Nxe4 dxe4 11. Be3 f6 12. Nc4 Bd5 13. Qc2 b5 14. Nd2 f5 15.
Bf4 Bd6 16. Bxd6 cxd6 17. e3 Nc6 18. a3 Rc8 19. Qd1 Qe7 20. Qe2 a6 21. b4 Nb8
22. Rac1 Nd7 23. Bh3 Nb6 24. Rxc8 Rxc8 25. Bxf5 Rc2 26. Qd1 Rc3 27. Qa1 Rc7 28.
Rc1 Nc4 29. Nxc4 Bxc4 30. Bh3 d5 31. Qb2 1/2-1/2

[Event "Madrid 2022-2023 ch - Previa A"]
[Site "Madrid ESP"]
[Date "2023.02.08"]
[Round "3.10"]
[White "Garcia Gonzalez, Pedro A."]
[Black "Martin Romero, David"]
[Result "1-0"]
[WhiteElo "1725"]
[BlackElo "1765"]
[PlyCount "71"]
[EventDate "2023.02.06"]
[EventType "swiss"]
[EventRounds "9"]
[EventCountry "ESP"]
[SourceTitle "Ajedrez en Madrid"]
[Source "lmi"]
[SourceDate "2023.02.06"]
[SourceVersion "1"]
[SourceVersionDate "2023.03.03"]
[SourceQuality "1"]

1. d4 f5 2. Nf3 Nf6 3. e3 e6 4. Bd3 Be7 5. b3 O-O 6. O-O d5 7. Ba3 Ne4 8. Bxe7
Qxe7 9. c4 c6 10. Nbd2 Bd7 11. Rc1 Be8 12. Ne5 Nd7 13. f3 Nef6 14. Qc2 Qd6 15.
f4 Ne4 16. Ndf3 Bh5 17. c5 Qe7 18. Nxd7 Qxd7 19. Ne5 Qd8 20. b4 Be8 21. a4 a6
22. Rb1 Qc7 23. b5 axb5 24. axb5 cxb5 25. Bxb5 Bxb5 26. Rxb5 Ra5 27. Rb6 Ra6
28. Rfb1 Rxb6 29. Rxb6 Ra8 30. Qb2 Ra6 31. Rb4 Qa5 32. h3 Kf8 33. Kh2 b5 34.
cxb6 Nd6 35. b7 Nxb7 36. Rxb7 1-0

[Event "Madrid 2022-2023 ch - Previa A"]
[Site "Madrid ESP"]
[Date "2023.02.08"]
[Round "3.11"]
[White "Garcia Fernandez, Jesus"]
[Black "Guach Rodriguez, Marco Antonio"]
[Result "1-0"]
[WhiteElo "1910"]
[BlackElo "1701"]
[PlyCount "67"]
[EventDate "2023.02.06"]
[EventType "swiss"]
[EventRounds "9"]
[EventCountry "ESP"]
[SourceTitle "Ajedrez en Madrid"]
[Source "lmi"]
[SourceDate "2023.02.06"]
[SourceVersion "1"]
[SourceVersionDate "2023.03.03"]
[SourceQuality "1"]

1. d4 Nf6 2. c4 d6 3. Nf3 g6 4. g3 Bg7 5. Bg2 Nbd7 6. O-O O-O 7. Nc3 a6 8. Qc2
h6 9. e4 e5 10. d5 Nh7 11. Nh4 Nb6 12. b3 Bd7 13. Be3 g5 14. Nf5 Bxf5 15. exf5
Nd7 16. h3 Ndf6 17. Rac1 Re8 18. b4 Qd7 19. g4 a5 20. a3 h5 21. f3 Re7 22. Qd2
Bh6 23. h4 hxg4 24. hxg5 Qxf5 25. gxf6 Bxe3+ 26. Qxe3 g3 27. fxe7 Qh5 28. Rfe1
Ng5 29. Ne4 Qh2+ 30. Kf1 Nh3 31. Bxh3 Qxh3+ 32. Ke2 axb4 33. Qg5+ Kh8 34. Rh1
1-0

[Event "Madrid 2022-2023 ch - Previa A"]
[Site "Madrid ESP"]
[Date "2023.02.08"]
[Round "3.12"]
[White "Camarero Izquierdo, Juan Carlos"]
[Black "Lopez de Turiso, Jose Angel"]
[Result "0-1"]
[WhiteElo "1651"]
[BlackElo "1926"]
[PlyCount "48"]
[EventDate "2023.02.06"]
[EventType "swiss"]
[EventRounds "9"]
[EventCountry "ESP"]
[SourceTitle "Ajedrez en Madrid"]
[Source "lmi"]
[SourceDate "2023.02.06"]
[SourceVersion "1"]
[SourceVersionDate "2023.03.03"]
[SourceQuality "1"]

1. e4 e5 2. Nf3 Nc6 3. Bc4 Nf6 4. Ng5 d5 5. exd5 b5 6. Be2 Nd4 7. Nc3 b4 8.
Nce4 Nxe4 9. Nxe4 Qxd5 10. Bf3 Nxf3+ 11. Qxf3 Bb7 12. d3 Be7 13. O-O O-O 14.
Qh3 a5 15. Kh1 Ra6 16. Rg1 f5 17. Bg5 Qd8 18. Bxe7 Qxe7 19. Nd2 Rh6 20. Qg3 f4
21. Qg4 Rh4 22. Qxh4 Qxh4 23. Nc4 Rf5 24. Rae1 Rh5 0-1

[Event "Madrid 2022-2023 ch - Previa A"]
[Site "Madrid ESP"]
[Date "2023.02.08"]
[Round "3.13"]
[White "Palacios Sanchez, Victor"]
[Black "Moreno Torrero, Javier"]
[Result "0-1"]
[WhiteElo "1646"]
[BlackElo "1889"]
[PlyCount "82"]
[EventDate "2023.02.06"]
[EventType "swiss"]
[EventRounds "9"]
[EventCountry "ESP"]
[SourceTitle "Ajedrez en Madrid"]
[Source "lmi"]
[SourceDate "2023.02.06"]
[SourceVersion "1"]
[SourceVersionDate "2023.03.03"]
[SourceQuality "1"]

1. e4 c5 2. Nf3 d6 3. d4 cxd4 4. Nxd4 Nf6 5. Nc3 a6 6. g3 e5 7. Nde2 Be7 8. Bg2
O-O 9. O-O Nbd7 10. Nd5 Nxd5 11. Qxd5 Nb6 12. Qd3 Be6 13. b3 f5 14. exf5 Bxf5
15. Be4 Bxe4 16. Qxe4 d5 17. Qxe5 Bf6 18. Qe6+ Kh8 19. Rb1 Re8 20. Qg4 Re4 21.
Qh5 Qc7 22. Bb2 Rae8 23. Nd4 g6 24. Qd1 Qg7 25. c3 Nc8 26. Qd2 Qe7 27. Nf3 Qc5
28. Rbe1 Nd6 29. c4 Bxb2 30. Qxb2+ Kg8 31. Rxe4 dxe4 32. Qd4 Qc7 33. Ng5 Qe7
34. Qd5+ Kh8 35. Rd1 Nf5 36. Nh3 e3 37. fxe3 Qxe3+ 38. Kg2 Qe2+ 39. Kh1 Ne3 40.
Qd4+ Kg8 41. Nf4 Qxd1+ 0-1

[Event "Madrid 2022-2023 ch - Previa A"]
[Site "Madrid ESP"]
[Date "2023.02.08"]
[Round "3.14"]
[White "Marin Lopez, Jeronimo"]
[Black "Balsera Gomez, Antonio"]
[Result "1-0"]
[WhiteElo "1875"]
[BlackElo "1663"]
[PlyCount "97"]
[EventDate "2023.02.06"]
[EventType "swiss"]
[EventRounds "9"]
[EventCountry "ESP"]
[SourceTitle "Ajedrez en Madrid"]
[Source "lmi"]
[SourceDate "2023.02.06"]
[SourceVersion "1"]
[SourceVersionDate "2023.03.03"]
[SourceQuality "1"]

1. e4 e5 2. Nf3 Nc6 3. Bc4 Nf6 4. d3 Be7 5. O-O O-O 6. c3 d6 7. h3 Na5 8. Bb5
c5 9. Nbd2 a6 10. Ba4 b5 11. Bc2 Nd7 12. d4 exd4 13. cxd4 Nc6 14. Re1 cxd4 15.
Nb3 Nb4 16. Bb1 d3 17. a3 Nc2 18. Bxc2 dxc2 19. Qxc2 Bb7 20. Bf4 Rc8 21. Qe2
Nc5 22. Nxc5 dxc5 23. Rad1 Qb6 24. Rd7 Rfe8 25. e5 Bxf3 26. Qxf3 Qc6 27. Qxc6
Rxc6 28. Red1 h6 29. Ra7 f6 30. g4 Re6 31. Rd5 c4 32. Bg3 Kh7 33. f4 fxe5 34.
fxe5 Rc8 35. Kg2 c3 36. bxc3 Bxa3 37. Rdd7 Bf8 38. h4 Rxc3 39. Ra8 Bb4 40. h5
Rc2+ 41. Kf3 Rd2 42. Rb7 Rd3+ 43. Kf4 Re7 44. Rbb8 g5+ 45. hxg6+ Kxg6 46. Rg8+
Kf7 47. Kf5 Rf3+ 48. Bf4 Rc7 49. e6+ 1-0

[Event "Madrid 2022-2023 ch - Previa A"]
[Site "Madrid ESP"]
[Date "2023.02.08"]
[Round "3.15"]
[White "Marcos Herrero, Francisco"]
[Black "Sanz Muñoz, Manuel"]
[Result "1-0"]
[WhiteElo "1855"]
[BlackElo "1643"]
[PlyCount "38"]
[EventDate "2023.02.06"]
[EventType "swiss"]
[EventRounds "9"]
[EventCountry "ESP"]
[SourceTitle "Ajedrez en Madrid"]
[Source "lmi"]
[SourceDate "2023.02.06"]
[SourceVersion "1"]
[SourceVersionDate "2023.03.03"]
[SourceQuality "1"]

1. c4 f5 2. g3 Nf6 3. Bg2 g6 4. Nf3 Bg7 5. Nc3 O-O 6. O-O d6 7. d4 c6 8. Re1 h6
9. e4 Nfd7 10. exf5 gxf5 11. Bf4 Re8 12. d5 Nc5 13. Qd2 Kh7 14. Nd4 Qb6 15.
Rad1 Bd7 16. Qc2 Ne4 17. Rxe4 fxe4 18. Qxe4+ Kh8 19. Qg6 Bxd4 1-0